|
|
|
|
| LEADER |
00816nab#a2200313#ar4500 |
| 001 |
000010113 |
| 003 |
SVKKK |
| 005 |
00000000000000.0 |
| 008 |
c xo e sloo |
| FMT |
|
|
|
| 038 |
|
|
|a SVKKK
|
| 040 |
|
|
|a SVKKK
|b slo
|e AACR2
|
| 041 |
0 |
|
|a slo
|
| 044 |
|
|
|a xo
|c SK
|
| 080 |
|
|
|a 796.34
|2 1981
|
| 100 |
0 |
|
|a -mik-
|4 aut
|
| 245 |
1 |
0 |
|a Bol to tenisový sviatok
|c -mik- , , Sapara V.
|
| 300 |
|
|
|b Fotogr. 1
|
| 650 |
0 |
4 |
|a tenis
|z Slovak Open Challenger VSŽ 1994, Košice(turnaj mužov medzinárodný
|x roč. 2.
|x jún 1994
|x informácie
|
| 700 |
1 |
|
|a Sapara, V.
|4 aut
|
| 773 |
0 |
|
|t Oceľ východu
|x 0231-651X
|g Roč. 34, č. 25(1994), s. 8
|
| 957 |
|
|
|a Košice
|
| 958 |
|
|
|a Košice
|
| 958 |
|
|
|a RE
|
| 974 |
|
|
|d 951207
|a Šá
|
| 992 |
|
|
|a RBX
|
| BAS |
|
|
|
| 852 |
|
|
|a SVKKK
|b BIB
|
| 998 |
|
|
|a REG
|